<?xml version="1.0" encoding="UTF-8"?>
<record
    xmlns:xsi="http://www.w3.org/2001/XMLSchema-instance"
    xsi:schemaLocation="http://www.loc.gov/MARC21/slim http://www.loc.gov/standards/marcxml/schema/MARC21slim.xsd"
    xmlns="http://www.loc.gov/MARC21/slim">

  <leader>00613cam a2200193a 44500</leader>
  <controlfield tag="003">OSt</controlfield>
  <controlfield tag="005">20150408113814.0</controlfield>
  <controlfield tag="008">030312n198u su g 0000p ara dd</controlfield>
  <datafield tag="040" ind1=" " ind2=" ">
    <subfield code="a">mu</subfield>
    <subfield code="b">ara</subfield>
    <subfield code="c">mb</subfield>
  </datafield>
  <datafield tag="041" ind1=" " ind2=" ">
    <subfield code="a">ara</subfield>
  </datafield>
  <datafield tag="082" ind1="0" ind2="4">
    <subfield code="a">229</subfield>
    <subfield code="b">&#x627; &#x632; &#x62F;</subfield>
  </datafield>
  <datafield tag="100" ind1="1" ind2=" ">
    <subfield code="a">&#x627;&#x644;&#x623;&#x644;&#x645;&#x639;&#x64A;&#x60C; &#x632;&#x627;&#x647;&#x631; &#x628;&#x646; &#x639;&#x648;&#x627;&#x636; &#x628;&#x646; &#x645;&#x62D;&#x645;&#x62F;&#x60C;</subfield>
    <subfield code="d">1354&#x647;&#x640;-.</subfield>
    <subfield code="9">2681</subfield>
  </datafield>
  <datafield tag="245" ind1="1" ind2="0">
    <subfield code="a">&#x62F;&#x631;&#x627;&#x633;&#x627;&#x62A; &#x641;&#x64A; &#x639;&#x644;&#x648;&#x645; &#x627;&#x644;&#x642;&#x631;&#x627;&#x646; &#x627;&#x644;&#x643;&#x631;&#x64A;&#x645; /</subfield>
    <subfield code="c">&#x632;&#x627;&#x647;&#x631; &#x639;&#x648;&#x627;&#x636; &#x627;&#x644;&#x623;&#x644;&#x645;&#x639;&#x64A;.</subfield>
  </datafield>
  <datafield tag="250" ind1=" " ind2=" ">
    <subfield code="a">&#x637;. 4</subfield>
  </datafield>
  <datafield tag="260" ind1=" " ind2=" ">
    <subfield code="a">&#x627;&#x644;&#x631;&#x64A;&#x627;&#x636; :</subfield>
    <subfield code="b">&#x632;&#x627;&#x647;&#x631; &#x639;&#x648;&#x627;&#x636; &#x627;&#x644;&#x623;&#x644;&#x645;&#x639;&#x64A;&#x60C;</subfield>
    <subfield code="c">2007</subfield>
  </datafield>
  <datafield tag="300" ind1=" " ind2=" ">
    <subfield code="a">266 &#x635;. &#x61B;</subfield>
    <subfield code="c">24 &#x633;&#x645;.</subfield>
  </datafield>
  <datafield tag="650" ind1=" " ind2="7">
    <subfield code="a">&#x627;&#x644;&#x642;&#x631;&#x627;&#x646;</subfield>
    <subfield code="x">&#x639;&#x644;&#x648;&#x645;</subfield>
  </datafield>
  <datafield tag="942" ind1=" " ind2=" ">
    <subfield code="2">ddc</subfield>
    <subfield code="c">BOOK</subfield>
  </datafield>
  <datafield tag="999" ind1=" " ind2=" ">
    <subfield code="c">6390</subfield>
    <subfield code="d">240890</subfield>
  </datafield>
  <datafield tag="952" ind1=" " ind2=" ">
    <subfield code="1">0</subfield>
    <subfield code="2">2013-03-10</subfield>
    <subfield code="4">0</subfield>
    <subfield code="7">0</subfield>
    <subfield code="a">229 &#x627; &#x632; &#x62F;</subfield>
    <subfield code="d">2012-04-10</subfield>
    <subfield code="h">EMF</subfield>
    <subfield code="i">00073119</subfield>
    <subfield code="m">EMF</subfield>
    <subfield code="q">2022-01-16</subfield>
    <subfield code="r">2022-02-13 00:00:00</subfield>
    <subfield code="t">BOOK</subfield>
    <subfield code="w">ddc</subfield>
    <subfield code="y">1</subfield>
  </datafield>
  <datafield tag="952" ind1=" " ind2=" ">
    <subfield code="1">0</subfield>
    <subfield code="2">2013-03-10</subfield>
    <subfield code="4">0</subfield>
    <subfield code="7">0</subfield>
    <subfield code="a">229 &#x627; &#x632; &#x62F;</subfield>
    <subfield code="d">2012-04-10</subfield>
    <subfield code="h">EMF</subfield>
    <subfield code="i">00073120</subfield>
    <subfield code="m">EMF</subfield>
    <subfield code="q">2017-04-12</subfield>
    <subfield code="r">2017-04-13 00:00:00</subfield>
    <subfield code="t">BOOK</subfield>
    <subfield code="w">ddc</subfield>
    <subfield code="y">2</subfield>
  </datafield>
  <datafield tag="952" ind1=" " ind2=" ">
    <subfield code="1">0</subfield>
    <subfield code="2">2013-03-10</subfield>
    <subfield code="4">0</subfield>
    <subfield code="7">0</subfield>
    <subfield code="a">229 &#x627; &#x632; &#x62F;</subfield>
    <subfield code="d">2012-04-11</subfield>
    <subfield code="h">EZF</subfield>
    <subfield code="i">00071857</subfield>
    <subfield code="m">EZF</subfield>
    <subfield code="r">2013-03-10 00:00:00</subfield>
    <subfield code="t">BOOK</subfield>
    <subfield code="w">ddc</subfield>
    <subfield code="y">0</subfield>
  </datafield>
  <datafield tag="952" ind1=" " ind2=" ">
    <subfield code="1">0</subfield>
    <subfield code="2">2013-03-10</subfield>
    <subfield code="4">0</subfield>
    <subfield code="7">0</subfield>
    <subfield code="a">229 &#x627; &#x632; &#x62F;</subfield>
    <subfield code="d">2012-04-11</subfield>
    <subfield code="h">EZF</subfield>
    <subfield code="i">00071858</subfield>
    <subfield code="m">EZF</subfield>
    <subfield code="q">2013-11-27</subfield>
    <subfield code="r">2013-12-02 00:00:00</subfield>
    <subfield code="t">BOOK</subfield>
    <subfield code="w">ddc</subfield>
    <subfield code="y">1</subfield>
  </datafield>
  <datafield tag="952" ind1=" " ind2=" ">
    <subfield code="1">0</subfield>
    <subfield code="2">2013-03-10</subfield>
    <subfield code="4">0</subfield>
    <subfield code="7">0</subfield>
    <subfield code="a">229 &#x627; &#x632; &#x62F;</subfield>
    <subfield code="d">2012-07-31</subfield>
    <subfield code="h">CL</subfield>
    <subfield code="i">00091530</subfield>
    <subfield code="m">CL</subfield>
    <subfield code="r">2013-03-10 00:00:00</subfield>
    <subfield code="t">BOOK</subfield>
    <subfield code="w">ddc</subfield>
    <subfield code="y">0</subfield>
  </datafield>
  <datafield tag="952" ind1=" " ind2=" ">
    <subfield code="1">0</subfield>
    <subfield code="2">2013-03-10</subfield>
    <subfield code="4">0</subfield>
    <subfield code="7">0</subfield>
    <subfield code="a">229 &#x627; &#x632; &#x62F;</subfield>
    <subfield code="d">2012-08-05</subfield>
    <subfield code="h">CL</subfield>
    <subfield code="i">00091994</subfield>
    <subfield code="m">CL</subfield>
    <subfield code="r">2013-03-10 00:00:00</subfield>
    <subfield code="t">BOOK</subfield>
    <subfield code="w">ddc</subfield>
    <subfield code="y">0</subfield>
  </datafield>
  <datafield tag="952" ind1=" " ind2=" ">
    <subfield code="1">0</subfield>
    <subfield code="2">2013-03-10</subfield>
    <subfield code="4">0</subfield>
    <subfield code="7">0</subfield>
    <subfield code="a">229 &#x627; &#x632; &#x62F;</subfield>
    <subfield code="d">2012-08-06</subfield>
    <subfield code="h">CL</subfield>
    <subfield code="i">00091867</subfield>
    <subfield code="m">CL</subfield>
    <subfield code="r">2013-03-10 00:00:00</subfield>
    <subfield code="t">BOOK</subfield>
    <subfield code="w">ddc</subfield>
    <subfield code="y">0</subfield>
  </datafield>
  <datafield tag="952" ind1=" " ind2=" ">
    <subfield code="1">0</subfield>
    <subfield code="2">2016-01-25</subfield>
    <subfield code="4">0</subfield>
    <subfield code="7">0</subfield>
    <subfield code="a">229 &#x627; &#x632; &#x62F;</subfield>
    <subfield code="d">2016-01-25</subfield>
    <subfield code="h">SZM</subfield>
    <subfield code="i">00139938</subfield>
    <subfield code="m">SZM</subfield>
    <subfield code="r">2016-01-25 00:00:00</subfield>
    <subfield code="t">BOOK</subfield>
    <subfield code="w">ddc</subfield>
    <subfield code="y">0</subfield>
  </datafield>
  <datafield tag="952" ind1=" " ind2=" ">
    <subfield code="1">0</subfield>
    <subfield code="2">2016-01-25</subfield>
    <subfield code="4">0</subfield>
    <subfield code="7">0</subfield>
    <subfield code="a">229 &#x627; &#x632; &#x62F;</subfield>
    <subfield code="d">2016-01-25</subfield>
    <subfield code="h">SZM</subfield>
    <subfield code="i">00139939</subfield>
    <subfield code="m">SZM</subfield>
    <subfield code="r">2016-01-25 00:00:00</subfield>
    <subfield code="t">BOOK</subfield>
    <subfield code="w">ddc</subfield>
    <subfield code="y">0</subfield>
  </datafield>
  <datafield tag="952" ind1=" " ind2=" ">
    <subfield code="1">0</subfield>
    <subfield code="2">2016-01-26</subfield>
    <subfield code="4">0</subfield>
    <subfield code="7">0</subfield>
    <subfield code="a">229 &#x627; &#x632; &#x62F;</subfield>
    <subfield code="d">2016-01-26</subfield>
    <subfield code="h">IC</subfield>
    <subfield code="i">00140016</subfield>
    <subfield code="m">IC</subfield>
    <subfield code="r">2016-01-26 00:00:00</subfield>
    <subfield code="t">BOOK</subfield>
    <subfield code="w">ddc</subfield>
    <subfield code="y">0</subfield>
  </datafield>
  <datafield tag="952" ind1=" " ind2=" ">
    <subfield code="1">0</subfield>
    <subfield code="2">2016-01-26</subfield>
    <subfield code="4">0</subfield>
    <subfield code="7">0</subfield>
    <subfield code="a">229 &#x627; &#x632; &#x62F;</subfield>
    <subfield code="d">2016-01-26</subfield>
    <subfield code="h">IC</subfield>
    <subfield code="i">00140017</subfield>
    <subfield code="m">IC</subfield>
    <subfield code="r">2016-01-26 00:00:00</subfield>
    <subfield code="t">BOOK</subfield>
    <subfield code="w">ddc</subfield>
    <subfield code="y">0</subfield>
  </datafield>
  <datafield tag="952" ind1=" " ind2=" ">
    <subfield code="1">0</subfield>
    <subfield code="2">2016-01-26</subfield>
    <subfield code="4">0</subfield>
    <subfield code="7">0</subfield>
    <subfield code="a">229 &#x627; &#x632; &#x62F;</subfield>
    <subfield code="d">2016-01-26</subfield>
    <subfield code="h">IC</subfield>
    <subfield code="i">00140018</subfield>
    <subfield code="m">IC</subfield>
    <subfield code="r">2016-01-26 00:00:00</subfield>
    <subfield code="t">BOOK</subfield>
    <subfield code="w">ddc</subfield>
    <subfield code="y">0</subfield>
  </datafield>
  <datafield tag="952" ind1=" " ind2=" ">
    <subfield code="1">0</subfield>
    <subfield code="2">2016-01-26</subfield>
    <subfield code="4">0</subfield>
    <subfield code="7">0</subfield>
    <subfield code="a">229 &#x627; &#x632; &#x62F;</subfield>
    <subfield code="d">2016-01-26</subfield>
    <subfield code="h">IC</subfield>
    <subfield code="i">00140019</subfield>
    <subfield code="m">IC</subfield>
    <subfield code="r">2016-01-26 00:00:00</subfield>
    <subfield code="t">BOOK</subfield>
    <subfield code="w">ddc</subfield>
    <subfield code="y">0</subfield>
  </datafield>
  <datafield tag="952" ind1=" " ind2=" ">
    <subfield code="1">0</subfield>
    <subfield code="2">2016-01-26</subfield>
    <subfield code="4">0</subfield>
    <subfield code="7">0</subfield>
    <subfield code="a">229 &#x627; &#x632; &#x62F;</subfield>
    <subfield code="d">2016-01-26</subfield>
    <subfield code="h">IC</subfield>
    <subfield code="i">00140020</subfield>
    <subfield code="m">IC</subfield>
    <subfield code="r">2016-01-26 00:00:00</subfield>
    <subfield code="t">BOOK</subfield>
    <subfield code="w">ddc</subfield>
    <subfield code="y">0</subfield>
  </datafield>
  <datafield tag="952" ind1=" " ind2=" ">
    <subfield code="1">0</subfield>
    <subfield code="2">2016-01-26</subfield>
    <subfield code="4">0</subfield>
    <subfield code="7">0</subfield>
    <subfield code="a">229 &#x627; &#x632; &#x62F;</subfield>
    <subfield code="d">2016-01-26</subfield>
    <subfield code="h">IC</subfield>
    <subfield code="i">00140021</subfield>
    <subfield code="m">IC</subfield>
    <subfield code="r">2016-01-26 00:00:00</subfield>
    <subfield code="t">BOOK</subfield>
    <subfield code="w">ddc</subfield>
    <subfield code="y">0</subfield>
  </datafield>
  <datafield tag="952" ind1=" " ind2=" ">
    <subfield code="1">0</subfield>
    <subfield code="2">2016-01-26</subfield>
    <subfield code="4">0</subfield>
    <subfield code="7">0</subfield>
    <subfield code="a">229 &#x627; &#x632; &#x62F;</subfield>
    <subfield code="d">2016-01-26</subfield>
    <subfield code="h">SRM</subfield>
    <subfield code="i">00140022</subfield>
    <subfield code="m">SRM</subfield>
    <subfield code="r">2016-01-26 00:00:00</subfield>
    <subfield code="t">BOOK</subfield>
    <subfield code="w">ddc</subfield>
    <subfield code="y">0</subfield>
  </datafield>
  <datafield tag="952" ind1=" " ind2=" ">
    <subfield code="1">0</subfield>
    <subfield code="2">2016-01-26</subfield>
    <subfield code="4">0</subfield>
    <subfield code="7">0</subfield>
    <subfield code="a">229 &#x627; &#x632; &#x62F;</subfield>
    <subfield code="d">2016-01-26</subfield>
    <subfield code="h">SRM</subfield>
    <subfield code="i">00140023</subfield>
    <subfield code="m">SRM</subfield>
    <subfield code="r">2016-01-26 00:00:00</subfield>
    <subfield code="t">BOOK</subfield>
    <subfield code="w">ddc</subfield>
    <subfield code="y">0</subfield>
  </datafield>
  <datafield tag="952" ind1=" " ind2=" ">
    <subfield code="1">0</subfield>
    <subfield code="2">2016-01-26</subfield>
    <subfield code="4">0</subfield>
    <subfield code="7">0</subfield>
    <subfield code="a">229 &#x627; &#x632; &#x62F;</subfield>
    <subfield code="d">2016-01-26</subfield>
    <subfield code="h">SRF</subfield>
    <subfield code="i">00140024</subfield>
    <subfield code="m">SRF</subfield>
    <subfield code="r">2016-01-26 00:00:00</subfield>
    <subfield code="t">BOOK</subfield>
    <subfield code="w">ddc</subfield>
    <subfield code="y">0</subfield>
  </datafield>
  <datafield tag="952" ind1=" " ind2=" ">
    <subfield code="1">0</subfield>
    <subfield code="2">2022-12-28</subfield>
    <subfield code="4">0</subfield>
    <subfield code="7">1</subfield>
    <subfield code="a">229 &#x627; &#x632; &#x62F;</subfield>
    <subfield code="d">2022-12-28</subfield>
    <subfield code="h">SGM</subfield>
    <subfield code="i">00270928</subfield>
    <subfield code="m">SGM</subfield>
    <subfield code="r">2022-12-28 00:00:00</subfield>
    <subfield code="t">BOOK</subfield>
    <subfield code="w">ddc</subfield>
    <subfield code="y">0</subfield>
  </datafield>
</record>
